<?xml version="1.0" encoding="UTF-8"?>
<collection xmlns="http://www.loc.gov/MARC21/slim">
 <record>
  <leader>01597nam a2200217Ia 4500</leader>
  <controlfield tag="001">CTU_159900</controlfield>
  <controlfield tag="008">210402s9999    xx            000 0 und d</controlfield>
  <datafield tag="020" ind1=" " ind2=" ">
   <subfield code="c">33000</subfield>
  </datafield>
  <datafield tag="082" ind1=" " ind2=" ">
   <subfield code="a">362</subfield>
  </datafield>
  <datafield tag="082" ind1=" " ind2=" ">
   <subfield code="b">C254</subfield>
  </datafield>
  <datafield tag="100" ind1=" " ind2=" ">
   <subfield code="a">Capron, Michel</subfield>
  </datafield>
  <datafield tag="245" ind1=" " ind2="0">
   <subfield code="a">Trách nhiệm xã hội của doanh nghiệp =</subfield>
  </datafield>
  <datafield tag="245" ind1=" " ind2="0">
   <subfield code="b">La responsabilité sociale d'entreprise</subfield>
  </datafield>
  <datafield tag="245" ind1=" " ind2="0">
   <subfield code="c">Michel Capron, Francoise Quairel-lanoizelée ; Lê Minh Tiến, Phạm Như Hổ dịch</subfield>
  </datafield>
  <datafield tag="260" ind1=" " ind2=" ">
   <subfield code="a">Hà Nội</subfield>
  </datafield>
  <datafield tag="260" ind1=" " ind2=" ">
   <subfield code="b">Tri thức</subfield>
  </datafield>
  <datafield tag="260" ind1=" " ind2=" ">
   <subfield code="c">2009</subfield>
  </datafield>
  <datafield tag="520" ind1=" " ind2=" ">
   <subfield code="a">Cuốn sách giới thiệu những lối tiếp cận khác nhau về khái niệm &quot; trách nhiệm xã hội của doanh nghiệp&quot;, phân tích những tác động của các thành phần có liên quan đối vối doanh nghiệp, những diễn ngôn, những hành động và các khuynh hướng hiện nay, làm sáng tỏ những mâu thuẫn và các giới hạn trách nhiệm xã hội của doanh nghiệp. Quyển sách là một sự đề xuất về các mối quan hệ giữa các hoạt động kinh tế  với xã hội, đồng thời cũng gợi mở những góc độ tư duy hữu ích cả cho giới nghiên cứu và những người làm công tác nghiên cứu.</subfield>
  </datafield>
  <datafield tag="650" ind1=" " ind2=" ">
   <subfield code="a">Social advocacy,Civil rights,Trách nhiệm xã hội,Quyền công dân</subfield>
  </datafield>
  <datafield tag="904" ind1=" " ind2=" ">
   <subfield code="i">Duyen,Qhieu sửa</subfield>
  </datafield>
  <datafield tag="980" ind1=" " ind2=" ">
   <subfield code="a">Trung tâm Học liệu Trường Đại học Cần Thơ</subfield>
  </datafield>
 </record>
</collection>
